Grootste steden Nederland - Statistieken

Algemene statistieken
  • Deze quiz is 100 keer genomen
  • De gemiddelde score is 11 van 15
Antwoordstatistieken
Hint Antwoord % Correct
1 Amsterdam
100%
3 Den Haag
99%
2 Rotterdam
99%
4 Utrecht
95%
7 Groningen
91%
5 Eindhoven
88%
9 Breda
77%
10 Nijmegen
76%
8 Almere
73%
13 Haarlem
71%
6 Tilburg
71%
14 Amersfoort
65%
11 Enschede
60%
12 Apeldoorn
58%
15 Zaanstad
14%
Geen overeenkomende quizzen gevonden
Scoreverdeling
Procent van Mensen met Elke Score
Percentiel versus Aantal Correcte Antwoorden
Uw Scoregeschiedenis
U heeft deze quiz nog niet genomen